00767nam a2200229Ia 4500003000400000005001700004008004100021020001700062040000700079041000800086082002100094100002400115245007100139260003700210300001700247365001300264650002600277906007100303942001200374999001900386952013200405OSt20230320104256.0210423s2008 xx 000 0 und d a100770617880 cAL aeng a620.5 223bPRAN aPRADEEP (T).949455 aNano: the essentials understanding nanoscience and nanotechnology. aNew DelhibTata McGrawhillc2008 axvii,444bPB b450cINR aNanotechnology949456 aessentials ; Nano: ; nanoscience ; nanotechnology. ; understanding 2ddccBK c153804d153804 001040708ACaSACPGbSACPGd2008-03-25eKnowledge Worldg450.00l0o620.5 PRANpPG000271r2022-08-24 00:00:00w2021-04-26yBK